Khí phách Việt Nam qua mấy áng hùng văn thiên cổ /

Wedi'i Gadw mewn:
Manylion Llyfryddiaeth
Prif Awdur: Trần Quốc Vượng.
Fformat: Erthygl
Iaith:Vietnamese
Tagiau: Ychwanegu Tag
Dim Tagiau, Byddwch y cyntaf i dagio'r cofnod hwn!
Thư viện lưu trữ: Thư viện Trường Đại học Đà Lạt
LEADER 00668nam a2200229 4500
001 DLU090101233
005 ##20091202
040 # # |a DLU  |b vie 
041 # # |a vie 
044 # # |a vn 
100 # # |a Trần Quốc Vượng. 
245 # # |a Khí phách Việt Nam qua mấy áng hùng văn thiên cổ /  |c Trần Quốc Vượng. 
773 # # |t Văn hoá Nghệ thuật  |g Số 9, 1978, tr. 53-55 
920 # # |a Phòng Tạp chí -- Trung tâm Thông tin - Thư viện Trường Đại học Đà Lạt 
994 # # |a DLU 
900 # # |a True 
911 # # |a Đào Thị Thu Huyền 
925 # # |a G 
926 # # |a A 
927 # # |a BB 
980 # # |a Thư viện Trường Đại học Đà Lạt